Reverse Quiz -Country- - Statistics

General Stats
  • This quiz has been taken 27 times
  • The average score is 7 of 15
Answer Stats
Hint Answer % Correct
South Sudan Which country is the newest?
76%
Djibouti Which country has capital with same name as country?
67%
Montenegro Which country's name means the black mountain?
67%
Greece Which country hosted the first olympic games?
62%
Antigua and Barbuda Which country has flag that means the dawning of a new era?
48%
Papua new Guinea Which country has the most languages?
48%
Dominica Which country uses purple in their flag?
48%
Paraguay Which country has double-sided flag?
43%
Indonesia which country has headquarters of ASEAN?
43%
Venezuela Which country has the most inflation rate?
43%
Russia Which country has the most diamonds?
38%
Monaco Which country has the highest life expectancy?
33%
Estonia Which country invented Skype?
33%
South Korea Which country has the lowest birth rate?
29%
Norway Which country scored lowest in the fragile states index?
14%
No matching quizzes found
Score Distribution
Percent of People with Each Score
Percentile by Number Answered
Your Score History
You have not taken this quiz